Nestačí sa zúčastniť, treba vyhrať

Podrobná bibliografia
Médium: Článok
Jazyk:slovenčina
Fyzický popis:Fotogr.
ISSN:1338-0338
Predmet:
On-line prístup:www.dobraskola.com

MARC

LEADER 00000nab a2200000 ar4500
001 vtls011561381
003 SK-MaSNL
005 20260303165719.0
008 160620c2016 xo qr|p||| |000 b|slo
015 |a SNBRB2016/06 
038 |a SPK 
040 |a SPKCL  |b slo  |c AACR2  |e AACR2 
041 0 |a slo 
044 |a xo  |c SK 
072 7 |a 37  |x Výchova a vzdelávanie  |2 konspekt 
072 7 |a 316.4  |x Sociálne procesy  |2 konspekt 
080 |a 37  |2 2011 
080 |a 37.011.3-051  |2 2011 
080 |a 316.476-053.2  |2 2011 
245 0 0 |a Nestačí sa zúčastniť, treba vyhrať 
300 |b Fotogr. 
650 0 7 |a vyučovanie  |2 snkbucl  |9 1522 
650 0 7 |a výchovné pôsobenie  |2 snkbucl  |9 404139 
650 0 7 |a učitelia  |2 snkbucl  |9 3995 
650 0 7 |a súťaženie  |2 snkbucl  |9 49780 
650 0 7 |a názory a postoje  |2 snkbucl  |9 4303 
773 0 |t Dobrá škola  |g Roč. VII, č. 9 (2016), s. 14-15  |x 1338-0338 
852 |a SPK  |b KIS3GCP 
856 4 1 |u www.dobraskola.com 
999 |c 2073339  |d 2075269